[Event "7th Vladimir Dvorkovich Cup"]
[Site "Moscow RUS"]
[Date "2012.07.02"]
[Round "4.5"]
[White "Ali Marandi,C"]
[Black "Oparin,G"]
[Result "0-1"]
[WhiteElo "2351"]
[BlackElo "2494"]

1.e4 c5 2.c3 Nf6 3.e5 Nd5 4.d4 cxd4 5.cxd4 d6 6.Nf3 Nc6 7.Bc4 Nb6 8.Bb5 dxe5
9.Nxe5 Bd7 10.Nxd7 Qxd7 11.Nc3 e6 12.O-O Be7 13.Qg4 O-O 14.Bxc6 bxc6 15.Bh6 Bf6
16.Rfd1 Rfd8 17.Ne4 Qe7 18.Rac1 Rac8 19.h4 Rd5 20.Rc3 Bxd4 21.Rxd4 f5 22.Rxd5 cxd5
23.Qxg7+ Qxg7 24.Rxc8+ Nxc8 25.Bxg7 Kxg7 26.Nc5 e5 27.Kf1 f4 28.Ke2 Kf6 29.Kd3 Ne7
30.b4 Nf5 31.a4 e4+ 32.Nxe4+ dxe4+ 33.Kxe4 Nxh4 34.b5 Ke6 35.a5 Nf5 36.Kxf4 Nd6
37.b6 a6 38.g4 Nb7 39.Ke4 Nxa5 40.Kd4 Kd6 41.f4 Nc6+ 42.Kc4 Nd8 43.f5 Kc6
44.Kd4 Nf7 45.f6 a5 46.b7 Kxb7 47.Kd5 Kc7 48.Ke6 Nd8+ 49.Ke7 a4  0-1

[Event "40th TCh-GRE 2012"]
[Site "Achaea GRE"]
[Date "2012.07.03"]
[Round "5.11"]
[White "Zervas,I"]
[Black "Papadakis,Georgios D."]
[Result "0-1"]
[WhiteElo "1835"]
[BlackElo "1563"]

1.e4 c5 2.c3 Nf6 3.e5 Nd5 4.d4 e6 5.Nf3 cxd4 6.cxd4 b6 7.b3 Bb7 8.Ba3 Be7
9.Bxe7 Qxe7 10.Nbd2 b5 11.Rc1 a6 12.Ne4 O-O 13.Nd6 Bc6 14.Qd2 Nc7 15.Bd3 h6
16.Qf4 Rd8 17.h4 Ne8 18.Rxc6 dxc6 19.Nxe8 Qxe8 20.Qe4 g6 21.h5 Kg7 22.Qh4 g5
23.Nxg5 hxg5 24.Qxg5+ Kf8 25.h6 Qe7 26.Qg7+ Ke8 27.h7 Kd7 28.h8=Q Rxh8 29.Rxh8 Kc7
30.Qf8 Qd7 31.Rh7 Qxd4 32.Qxf7+ Nd7 33.Qxe6 Qxd3 34.Rf7 Rh8 35.Rxd7+ Qxd7
36.Qf6 Rh1+ 37.Ke2 Qg4+ 38.f3 Qxg2+ 39.Ke3 Re1+ 40.Kf4 Qd2+ 41.Kf5 Rf1 42.Kg6 Qd3+
43.Kg7 Rg1+ 44.Kh6 Qd2+ 45.Kh7 Qd7+ 46.Kh6 Qh3+  0-1

[Event "40th TCh-GRE 2012"]
[Site "Achaea GRE"]
[Date "2012.07.03"]
[Round "5.8"]
[White "Terzis,F"]
[Black "Kolomvakis,S"]
[Result "1/2-1/2"]
[WhiteElo "1738"]
[BlackElo "1806"]

1.e4 c5 2.c3 Nf6 3.e5 Nd5 4.d4 cxd4 5.Nf3 Nc6 6.cxd4 e6 7.Bc4 Nb6 8.Bb3 Be7
9.O-O d5 10.Nc3 a6 11.Re1 Bd7 12.Bf4 Qc7 13.Qd2 h6 14.h4 Rc8 15.Rac1 Qb8
16.Bxd5 O-O 17.Be4 Nc4 18.Qe2 b5 19.g3 Bb4 20.Bb1 h5 21.Qd3 g6 22.Ne4 Rfd8
23.Nf6+ Kh8 24.Ng5 Ne7 25.Nxf7+ Kg7 26.Nxd8 Rxd8 27.Nxd7 Rxd7 28.Re2 Nf5
29.Rxc4 bxc4 30.Qxc4 Rxd4 31.Qb3 Nxh4 32.Bg5 Nf5 33.Bxf5 exf5 34.a3 Qb5 35.Qe6 Qb7
36.Bf6+ Kh6 37.Bg5+ Kxg5 38.Qf6+ Kh6 39.Qh8+ Kg5 40.Qf6+ Kh6 41.Qh8+ Kg5  1/2-1/2

[Event "NIKI Open 2012"]
[Site "Nachod CZE"]
[Date "2012.07.03"]
[Round "4.10"]
[White "Slampa,J"]
[Black "Srejber,M"]
[Result "0-1"]
[WhiteElo "2001"]
[BlackElo "2187"]

1.e4 c5 2.c3 Nf6 3.e5 Nd5 4.d4 e6 5.f4 cxd4 6.cxd4 Nc6 7.Nf3 Bb4+ 8.Kf2 Qb6
9.Kg3 Nde7 10.a3 Nf5+ 11.Kh3 Be7 12.Nc3 Ncxd4 13.Nxd4 Qxd4 14.Bd3 Qf2 15.g3 O-O
16.Rf1 Qb6 17.Bxf5 exf5 18.Nd5 Qh6+ 19.Kg2 Bd8 20.Bd2 a5 21.Qf3 d6 22.Bc3 Bd7
23.Rad1 Bc6 24.exd6 Qxd6 25.b4 Kh8 26.Rfe1 Bb6 27.Be5 Qh6 28.h4 axb4 29.axb4 Ra2+
30.Re2 Rxe2+ 31.Qxe2 Qe6 32.Qa2 f6 33.b5 Bxd5+ 34.Qxd5 Qxd5+ 35.Rxd5 fxe5
36.fxe5 Rd8  0-1

[Event "1st ITT LXSBC 2012"]
[Site "Sao Bernardo do Campo BRA"]
[Date "2012.07.03"]
[Round "1.3"]
[White "Batista,Re"]
[Black "Abdalla,L"]
[Result "0-1"]
[WhiteElo "2140"]
[BlackElo "2333"]

1.e4 c5 2.c3 Nf6 3.e5 Nd5 4.d4 cxd4 5.Nf3 Nc6 6.cxd4 d6 7.exd6 Qxd6 8.Nc3 g6
9.Be2 Bg7 10.O-O O-O 11.Ne4 Qb4 12.a3 Qb6 13.Nc3 Be6 14.Na4 Qc7 15.h3 Rad8
16.Re1 Bf5 17.Nc3 Nxd4 18.Nxd5 Rxd5 19.Nxd4 Rxd4 20.Qb3 Be6 21.Qe3 Rfd8 22.Bf3 b6
23.Qe2 Qc4 24.Be3 Qxe2 25.Rxe2 Rc4 26.Bg5 Rd7 27.Rae1 h6 28.Be3 g5 29.Kh2 Bf6
30.g3 Kg7 31.Kg2 Rd3 32.Rg1 Rb3 33.Bc1 Bxh3+ 34.Kxh3 Rxf3 35.Rd1 Rb3 36.Kg2 e6
37.f4 g4 38.Rh1 Kg6 39.Kf2 h5 40.Rhe1 h4  0-1

[Event "ch-UAE 2012"]
[Site "Abu Dhabi UAE"]
[Date "2012.07.04"]
[Round "8.5"]
[White "Mansour,A"]
[Black "Khouri,A"]
[Result "1/2-1/2"]
[WhiteElo "1933"]
[BlackElo "2073"]

1.e4 c5 2.c3 Nf6 3.e5 Nd5 4.d4 cxd4 5.Nf3 d6 6.exd6 Qxd6 7.Qxd4 Nc6 8.Bb5 Bd7
9.Bxc6 Bxc6 10.Ne5 e6 11.O-O f6 12.Nxc6 Qxc6 13.c4 Nb4 14.Na3 Bc5 15.Qg4 O-O
16.Be3 Bxe3 17.fxe3 Nd3 18.b3 e5 19.Nb5 Rad8 20.Rad1 Qc5 21.Qe2 e4 22.Nc3 f5
23.Kh1 a6 24.Rd2 b5 25.Rc2 bxc4 26.Na4 Qe5 27.Rxc4 Rf6 28.Nc3 Rh6 29.g3 Rf8
30.Qg2 Rg6 31.Ne2 h5 32.Nf4 Nxf4 33.Rxf4 Rd6 34.Rf1 Rfd8 35.Rc2 g6 36.h3 Rd3
37.Qf2 Qb5 38.Qe2 Rxe3 39.Qxe3 Qxf1+ 40.Kh2 Qd3 41.Qxd3 Rxd3 42.h4 e3 43.Kg1 Kf7
44.Kf1 Rd2 45.Rxd2 exd2 46.Ke2 Kf6 47.b4 g5 48.a4 gxh4 49.gxh4 Ke5 50.Kxd2  1/2-1/2

[Event "35th Barbera Open A"]
[Site "Barbera del Valles ESP"]
[Date "2012.07.04"]
[Round "1.8"]
[White "Mamedjarova,T"]
[Black "Ortiz Suarez,I"]
[Result "1-0"]
[WhiteElo "2259"]
[BlackElo "2562"]

1.e4 c5 2.c3 Nf6 3.e5 Nd5 4.d4 cxd4 5.Qxd4 e6 6.Nf3 Nc6 7.Qe4 f5 8.Qe2 Qc7
9.g3 Nde7 10.Nbd2 Ng6 11.Nc4 Be7 12.h4 O-O 13.h5 Nh8 14.h6 g6 15.Bg5 Nf7
16.Bxe7 Nxe7 17.O-O-O Nd5 18.Nd4 b6 19.Nd6 Nxd6 20.exd6 Qxd6 21.Nb5 Qc5 22.Bg2 Ba6
23.Rxd5 Qe7 24.Rd2 Rac8 25.Qe5 f4 26.Qg7+ Qxg7 27.hxg7 Rf6 28.Nd6 Rb8 29.Ne4 Rf7
30.gxf4 Bb7 31.f3 Bc6 32.Rd6 Rxf4 33.Ng5 Rf5 34.Nxe6 Rf6 35.Re1 Re8 36.Bh3 g5
37.Re3 Rg6 38.Bf5 Rxg7 39.Nxg7 Rxe3 40.Bxd7 Bxf3 41.Ne6 g4 42.Nd4 g3 43.Be6+ Kf8
44.Rd8+ Ke7 45.Rg8 Be4 46.Kd2 Rd3+ 47.Ke2 g2 48.Bf5 Kf7 49.Rxg2 Rxd4 50.Rf2 Bxf5
51.cxd4 Ke6 52.Ke3 h5 53.Rf4 Bb1 54.a3 a5 55.Rf8 a4 56.Rb8 Kf5 57.Rxb6 h4
58.b3 Ba2 59.bxa4 h3 60.Kf3 Bd5+ 61.Kg3 Ke4 62.Rb4 Be6 63.a5 Bc8 64.Rb8 Ba6
65.Rb6  1-0

[Event "40th TCh-GRE 2012"]
[Site "Achaea GRE"]
[Date "2012.07.05"]
[Round "7.1"]
[White "Tzermiadianos,An"]
[Black "Papadopoulos,Ar"]
[Result "1-0"]
[WhiteElo "2438"]
[BlackElo "1786"]

1.e4 c5 2.c3 Nf6 3.e5 Nd5 4.Nf3 e6 5.Bc4 Nb6 6.Bb3 d6 7.exd6 Bxd6 8.d4 Qc7
9.O-O O-O 10.Bc2 Nd5 11.Qd3 f5 12.Na3 Bd7 13.dxc5 Bxc5 14.Nb5 Qb6 15.Nbd4 Nc6
16.Bb3 Nxd4 17.cxd4 Bd6 18.Re1 Rac8 19.Bxd5 exd5 20.Ne5 Qb5 21.Qf3 Rce8 22.Bf4 Bxe5
23.Bxe5 Bc6 24.b3 Rf7 25.h4 Re6 26.h5 Qb4 27.Qf4 Rh6 28.Bxg7 Rxh5 29.Be5 Qe7
30.Re3 Qh4 31.Rg3+ Kf8 32.Bd6+ Ke8 33.Qe5+ Kd7 34.Rh3 Qg4 35.Re1 Rg7 36.Rg3 Rhg5
37.Qe6+ Kd8 38.Be7+ Kc7 39.Bxg5  1-0

[Event "7th Wroclaw Open A"]
[Site "Wroclaw POL"]
[Date "2012.07.05"]
[Round "4.7"]
[White "Nguyen,P"]
[Black "Mondrzycki,B"]
[Result "1-0"]
[WhiteElo "2393"]
[BlackElo "2056"]

1.e4 c5 2.c3 Nf6 3.e5 Nd5 4.d4 cxd4 5.Nf3 Nc6 6.cxd4 d6 7.Bc4 Nb6 8.Bb5 dxe5
9.Nxe5 Bd7 10.Nxd7 Qxd7 11.Nc3 e6 12.Qg4 h5 13.Qg3 a6 14.Bxc6 Qxc6 15.O-O Bb4
16.Ne2 h4 17.Qxg7 O-O-O 18.f3 Kb8 19.Bf4+ Ka7 20.a3 Qc2 21.Kf2 Rhg8 22.Qxf7 Rdf8
23.Qc7 Qg6 24.axb4 Qxg2+ 25.Ke1 e5 26.b5  1-0

[Event "Mulhouse WIM 2012"]
[Site "Mulhouse FRA"]
[Date "2012.07.06"]
[Round "6.3"]
[White "Nikolova,A"]
[Black "Haussernot,C"]
[Result "1-0"]
[WhiteElo "2360"]
[BlackElo "2099"]

1.e4 c5 2.c3 Nf6 3.e5 Nd5 4.d4 cxd4 5.Nf3 e6 6.cxd4 d6 7.Bc4 Nb6 8.Bb3 dxe5
9.Nxe5 Nc6 10.Nxc6 bxc6 11.O-O Bd6 12.Nc3 O-O 13.Qh5 f5 14.Bg5 Be7 15.Bxe7 Qxe7
16.Rfe1 Qf6 17.Rad1 Nd5 18.Na4 Bd7 19.Nc5 Rad8 20.Ba4 Be8 21.Qf3 Nc7 22.Qf4 Qe7
23.Bb3 Rf6 24.Re5 Nd5 25.Qh4 Bf7 26.Rde1 Re8 27.Nd3 Qd6 28.Qg5 Rg6 29.Qc1 Nf6
30.Nf4 Ng4 31.Qc5 Qc7 32.Rxf5 Rh6 33.h3  1-0

[Event "5th Int ch-Central Serbia 2012"]
[Site "Paracin SRB"]
[Date "2012.07.06"]
[Round "1.27"]
[White "Colovic,Z"]
[Black "Nestorovic,De"]
[Result "0-1"]
[WhiteElo "2129"]
[BlackElo "2404"]

1.e4 c5 2.c3 Nf6 3.e5 Nd5 4.Nf3 e6 5.d4 cxd4 6.Qxd4 Nc6 7.Qe4 f5 8.Qe2 Qc7
9.Bd2 Nde7 10.Na3 Ng6 11.Nb5 Qb8 12.O-O-O a6 13.Nd6+ Bxd6 14.exd6 Qxd6 15.Be3 Qe7
16.h4 O-O 17.h5 Nh8 18.h6 g6 19.Bg5 Qc5 20.Qd2 d5 21.Kb1 Nf7 22.Bf4 Qe7 23.c4 Rd8
24.Qc3 d4 25.Nxd4 Qf6 26.Nxc6 Rxd1+ 27.Kc2 Qxc3+ 28.bxc3  0-1

[Event "Irish Championships 2012"]
[Site "Dublin IRL"]
[Date "2012.07.07"]
[Round "1.1"]
[White "Brady,S"]
[Black "O'Rourke,R"]
[Result "1-0"]
[WhiteElo "2364"]
[BlackElo "2026"]

1.e4 c5 2.c3 Nf6 3.e5 Nd5 4.d4 cxd4 5.Nf3 Nc6 6.Bc4 Nb6 7.Bb3 d5 8.exd6 Qxd6
9.O-O Bg4 10.Bxf7+ Kd8 11.Bb3 d3 12.Be3 Ne5 13.Nxe5 Bxd1 14.Nf7+ Kd7 15.Nxd6 Bxb3
16.axb3 Nd5 17.Nf7 Rg8 18.Ne5+ Kc7 19.Nxd3 Nxe3 20.fxe3 Rd8 21.Nf4 Rd6 22.Na3 a6
23.Nc4 Rh6 24.Nd5+ Kb8 25.Ndb6 Kc7 26.Rad1  1-0

[Event "ch-SLO 2012"]
[Site "Ljubljana SLO"]
[Date "2012.07.07"]
[Round "8.5"]
[White "Tomazini,Z"]
[Black "Buzeti,J"]
[Result "1-0"]
[WhiteElo "2267"]
[BlackElo "2303"]

1.e4 c5 2.c3 Nf6 3.e5 Nd5 4.d4 cxd4 5.cxd4 d6 6.Nf3 Nc6 7.Bc4 dxe5 8.Nxe5 e6
9.O-O Bd6 10.Nf3 O-O 11.Nc3 Nxc3 12.bxc3 b6 13.Bd3 g6 14.Bh6 Re8 15.Ng5 Bb7
16.Qf3 Qe7 17.Ne4 f5 18.Nxd6 Qxd6 19.Bf4 Qd5 20.Qg3 Rad8 21.Bc2 Na5 22.Rfe1 Rc8
23.Re3 Nc4 24.Bb3 Qd7 25.Re2 Na5 26.h4 Nxb3 27.axb3 a6 28.h5 Qg7 29.Rae1 gxh5
30.Qxg7+ Kxg7 31.Rxe6 Kf7 32.R6e5 Rxe5 33.Rxe5 Rxc3 34.Rxf5+ Kg6 35.Rg5+ Kf6
36.Rxh5 Rxb3 37.Rxh7 Bd5 38.Rh6+ Ke7 39.Bc7 b5 40.Rxa6 Rb1+ 41.Kh2 b4 42.Bd6+ Kf7
43.Be5 b3 44.Rd6 b2 45.Rb6 Be4 46.Bd6 Rd1 47.Rxb2 Rxd4 48.Be5 Rc4 49.Kg3 Ke6
50.Re2 Kf5 51.f3 Bc6 52.Re3 Rc2 53.Kh3 Bb5 54.g4+ Kg6 55.Bd4 Re2 56.Rb3 Bc4
57.Rb6+ Re6 58.Rb4 Bd5 59.f4 Re4 60.Rb6+ Kh7 61.Be5 Rc4 62.Rd6 Be4 63.Kh4 Rc6
64.Rd7+ Kg8 65.Kg5 Rg6+ 66.Kh5 Re6 67.Bd4 Bf3 68.Kg5 Re2 69.Kg6 Re6+ 70.Bf6 Re8
71.Rh7  1-0

[Event "Mulhouse WIM 2012"]
[Site "Mulhouse FRA"]
[Date "2012.07.07"]
[Round "8.2"]
[White "Nikolova,A"]
[Black "Lam,S"]
[Result "1/2-1/2"]
[WhiteElo "2360"]
[BlackElo "2066"]

1.e4 c5 2.c3 Nf6 3.e5 Nd5 4.d4 cxd4 5.Nf3 Nc6 6.cxd4 d6 7.Bc4 Nc7 8.exd6 Qxd6
9.O-O e6 10.Nc3 Be7 11.a3 O-O 12.Bd3 b6 13.Be3 Nd5 14.Rc1 Nxe3 15.fxe3 f5
16.b4 Bf6 17.Bc4 Ne7 18.e4 fxe4 19.Nxe4 Qd8 20.Nxf6+ gxf6 21.Qe2 Nd5 22.Qe4 Qd6
23.Nh4 Bb7 24.Rce1 Rae8 25.Rf3 f5 26.Qe5 Qxe5 27.Rxe5 Rc8 28.Bd3 Rc3  1/2-1/2

[Event "5th Int ch-Central Serbia 2012"]
[Site "Paracin SRB"]
[Date "2012.07.07"]
[Round "3.43"]
[White "Colovic,Z"]
[Black "Zarkovic,M"]
[Result "1-0"]
[WhiteElo "2129"]
[BlackElo "1996"]

1.e4 c5 2.c3 Nf6 3.e5 Nd5 4.Nf3 e6 5.Bc4 d6 6.O-O Be7 7.d4 cxd4 8.cxd4 Nc6
9.exd6 Qxd6 10.Nc3 Nxc3 11.bxc3 O-O 12.Qe2 b6 13.Re1 Bb7 14.Bd2 Rac8 15.Bd3 Na5
16.Ne5 Qd5 17.f3 f5 18.Rab1 Bh4 19.g3 Bf6 20.Rb5 Qd6 21.Kg2 Bxe5 22.Rxe5 Bd5
23.Bf4 Qc6 24.Ba6 Ra8 25.Qd3 Kh8 26.Bb5 Qc8 27.Ba6 Qc6 28.R5e2 Nc4 29.Rb1 Na3
30.Rb4 b5 31.Bxb5 Nxb5 32.Qxb5 Bxf3+ 33.Kf2 Qxb5 34.Rxb5 Bxe2 35.Kxe2 Kg8
36.c4 Rac8 37.c5 Rfd8 38.Be5 Rd7 39.Kd3 a6 40.Ra5 Rc6 41.Kc4 Kf7 42.Ra3 Rb7
43.d5 exd5+ 44.Kxd5 Rh6 45.h4 Re6 46.Bd6 Rb2 47.Rxa6 Rd2+ 48.Kc6 Kf6 49.Ra8 g6
50.a4 Rd3 51.Kc7 h6 52.a5 Re4 53.a6 Ra3 54.c6 Ra2 55.a7 Rea4 56.Bc5 g5 57.hxg5+ hxg5
58.Kb7 Ke6 59.c7  1-0

[Event "5th Int ch-Central Serbia 2012"]
[Site "Paracin SRB"]
[Date "2012.07.07"]
[Round "3.45"]
[White "Kovacevic,Boz"]
[Black "Dimic,P"]
[Result "0-1"]
[WhiteElo "1915"]
[BlackElo "2116"]

1.e4 c5 2.c3 Nf6 3.e5 Nd5 4.d4 cxd4 5.cxd4 d6 6.Nf3 Nc6 7.Bc4 e6 8.Bxd5 exd5
9.exd6 Bxd6 10.h3 O-O 11.O-O Be6 12.Nc3 Rc8 13.Ne2 Qb6 14.b3 Rfe8 15.Nf4 f6
16.a3 Bf7 17.b4 Re4 18.Ne2 Bh5 19.g4 Bf7 20.Nc3 Re7 21.Be3 Qd8 22.Rc1 Bb8
23.Re1 Qd7 24.Na4 b6 25.Nh4 Ree8 26.Nf5 Bg6 27.Qf3 Bxf5 28.gxf5 Ne7 29.Nc3 Rcd8
30.Kh1 Qxf5 31.Qg2 Qd7 32.Bh6 Nf5 33.Rxe8+ Qxe8 34.Nxd5 Qg6 35.Qe4 Ng3+  0-1

[Event "2nd Polugaevsky Mem"]
[Site "Samara RUS"]
[Date "2012.07.07"]
[Round "3.41"]
[White "Jurkina,Y"]
[Black "Maslova,Polina"]
[Result "0-1"]
[WhiteElo "1999"]
[BlackElo "1824"]

1.e4 c5 2.c3 Nf6 3.Bd3 Nc6 4.Nf3 d5 5.exd5 Nxd5 6.O-O Bg4 7.h3 Bh5 8.Be4 e6
9.Qb3 Rb8 10.c4 Nde7 11.Re1 Bg6 12.d3 Bxe4 13.dxe4 Ng6 14.Be3 Be7 15.Nc3 O-O
16.Rad1 Qc8 17.Qb5 b6 18.Rd2 Qc7 19.Qa6 Rbd8 20.Nb5 Qb8 21.Red1 Rxd2 22.Rxd2 Rd8
23.Rxd8+ Bxd8 24.Qa4 Bf6 25.Qc2 Qd8 26.a3 a6 27.Nc3 Nge7 28.Qd2 Qxd2 29.Bxd2 Nc8
30.Na4 Nd6 31.b3 Nxe4 32.Nxb6 Bb2 33.a4 Kf8 34.Be1 Ke7 35.a5 Bc3 36.Bxc3 Nxc3
37.Nc8+ Kd7 38.Nb6+ Ke7 39.Nc8+ Kd7 40.Nb6+ Kc7 41.Ng5 Nxa5 42.Na4 Nxa4 43.bxa4 Nxc4
44.Nxf7 h6 45.Kf1 Kd7 46.Nh8 Nb2 47.Ke2 Nxa4 48.Ng6 Kd6 49.Kd3 Nb6 50.Nf4 c4+
51.Kc2 Nd5 52.Nh5 g6 53.Ng3 Ke5  0-1

[Event "Werner-Ott-Open 2012"]
[Site "Berlin GER"]
[Date "2012.07.08"]
[Round "2.2"]
[White "Rabiega,R"]
[Black "Shapiro,Y"]
[Result "1-0"]
[WhiteElo "2500"]
[BlackElo "2107"]

1.e4 c5 2.c3 Nf6 3.e5 Nd5 4.Nf3 Nc6 5.d4 cxd4 6.Bc4 Nb6 7.Bb3 d5 8.exd6 Qxd6
9.O-O g6 10.Ng5 e6 11.Ne4 Qd8 12.cxd4 Bg7 13.Bg5 Qxd4 14.Nd6+ Kf8 15.Nc3 h6
16.Be3 Qxd1 17.Raxd1 Be5 18.f4 Bxd6 19.Rxd6 Kg7 20.Rfd1 Re8 21.Nb5 Re7 22.Nxa7 Rxa7
23.Bxb6 Ra6 24.Bc5 Re8 25.Bc4 Ra8 26.b4 e5 27.fxe5 Nxe5 28.Bb3 Bg4 29.R1d2 Nc6
30.h3 Bf5 31.Rf2 Re1+ 32.Kh2 Rae8 33.g4 Be6 34.Bxe6 R8xe6 35.Rd7 Rf6 36.Bf8+ Kxf8
37.Rxf6 Re2+ 38.Kg1 Ne5 39.Rxb7 Rxa2 40.b5  1-0

[Event "22nd Gorges Open"]
[Site "Gorges FRA"]
[Date "2012.07.08"]
[Round "1.1"]
[White "Colin,V"]
[Black "Lebedel,M"]
[Result "1-0"]
[WhiteElo "2391"]
[BlackElo "1587"]

1.e4 c5 2.c3 Nf6 3.e5 Nd5 4.Bc4 Nb6 5.Bb3 e6 6.d4 cxd4 7.cxd4 d5 8.Qg4 Nc6
9.Ne2 Bd7 10.Nbc3 a6 11.Ng3 g6 12.Bg5 Qc7 13.Bf6 h5 14.Qh4 Be7 15.Rd1 Bxf6
16.Qxf6 Rg8 17.O-O Qd8 18.Qf3 Qe7 19.Nge2 O-O-O 20.a3 Na5 21.Bc2 g5 22.b4 Nac4
23.Nb1 g4 24.Qf4 Qg5 25.Rc1 Qxf4 26.Nxf4 Rg5 27.h4 gxh3 28.Nxh3 Rg7 29.f4 Rdg8
30.Ng5 Rh8 31.Bd1 Kd8 32.Rc3 Ke7 33.Rh3 f6 34.exf6+ Kxf6 35.Bxh5 Be8 36.Bg4 Rxh3
37.Bxh3 Bd7 38.Re1 Re7 39.Kf2 Nc8 40.Bg4 N8d6 41.Rh1 Nf5 42.Bxf5 Kxf5 43.Kf3 Be8
44.g4+ Kg6 45.Kg3 Ba4 46.Nxe6 Bc2 47.f5+ Bxf5 48.Nf4+  1-0

[Event "NIKI Open 2012"]
[Site "Nachod CZE"]
[Date "2012.07.08"]
[Round "9.30"]
[White "Horak,Ales"]
[Black "Kolibik,J"]
[Result "1-0"]
[WhiteElo "1639"]
[BlackElo "1679"]

1.e4 c5 2.c3 Nf6 3.e5 Nd5 4.d4 cxd4 5.cxd4 Nc6 6.Nc3 Nb6 7.f4 d5 8.Nf3 Bf5
9.Be2 e6 10.O-O Be7 11.h3 h6 12.Qe1 h5 13.a3 a6 14.Qf2 Rc8 15.Nd2 Na5 16.g4 hxg4
17.hxg4 Bc2 18.f5 Bh4 19.Qf3 exf5 20.gxf5 Qg5+ 21.Qg4 Qxg4+ 22.Bxg4 f6 23.Nf3 Kf7
24.Kg2 Nb3 25.Rh1 Nxa1 26.Nxh4 Rxc3 27.bxc3 Nb3 28.e6+ Ke8 29.Bf4 Nc4 30.Kg3 Nxa3
31.Rh2 Bd3 32.Bf3 Bc4 33.Rb2 Nb5 34.Ng6 Rg8 35.Bd1 Nxc3 36.Bxb3 b5 37.Rc2 b4
38.Bxc4 dxc4 39.Rxc3 bxc3 40.d5 Kd8 41.d6 c2 42.Bc1 Re8 43.Kf3 Kc8 44.d7+  1-0

[Event "9th South Wales Int"]
[Site "Penarth WLS"]
[Date "2012.07.08"]
[Round "3.7"]
[White "Ralphs,Nigel"]
[Black "Wells,P"]
[Result "0-1"]
[WhiteElo "1913"]
[BlackElo "2488"]

1.e4 c5 2.c3 Nf6 3.e5 Nd5 4.d4 cxd4 5.Nf3 Nc6 6.Bc4 Nb6 7.Bb3 d5 8.exd6 Qxd6
9.O-O Be6 10.Bxe6 Qxe6 11.Nxd4 Nxd4 12.Qxd4 Rd8 13.Qh4 Qe2 14.Bd2 h5 15.h3 e6
16.Re1 Qc4 17.Qxc4 Nxc4 18.Bc1 Bc5 19.b3 Ne5 20.Be3 Bxe3 21.fxe3 Rh6 22.a4 Rg6
23.Kh2 Rf6 24.Ra2 Ke7 25.Kg1 Rg6 26.Kh2 Rh6 27.a5 a6 28.Rd2 Rxd2 29.Nxd2 Rh8
30.Ne4 Rd8 31.Rc1 f5 32.Ng3 h4 33.Nf1 Rd3 34.Kg1 g5 35.Kf2 Rd5 36.Ra1 Rc5
37.c4 Nc6 38.Nd2 Rxa5 39.Rxa5 Nxa5 40.e4 Nc6 41.exf5 exf5 42.g3 hxg3+ 43.Kxg3 Kf6
44.c5 Nb4 45.Nc4 Nd3 46.b4 Nxb4 47.Na5 Nc6 48.Nxb7 a5 49.Nd6 a4 50.Nc4 f4+  0-1

[Event "Irish Championships 2012"]
[Site "Dublin IRL"]
[Date "2012.07.09"]
[Round "3.1"]
[White "Brady,S"]
[Black "Daly,C"]
[Result "1-0"]
[WhiteElo "2364"]
[BlackElo "2327"]

1.e4 c5 2.c3 Nf6 3.e5 Nd5 4.d4 cxd4 5.Nf3 Nc6 6.Bc4 Nb6 7.Bb3 d5 8.exd6 Qxd6
9.O-O Be6 10.Bxe6 Qxe6 11.Nxd4 Nxd4 12.Qxd4 Rd8 13.Qh4 Qc4 14.Qg3 Qd3 15.Be3 Nc4
16.Na3 Nxe3 17.fxe3 f6 18.Qf3 Qd5 19.Qg4 Qd7 20.Qc4 Qc6 21.Qb3 e6 22.Nb5 Bc5
23.Nd4 Bxd4 24.exd4 O-O 25.Rae1 Rfe8 26.Re2 Qd5 27.Qxd5 exd5 28.Rxe8+ Rxe8
29.Rf5 Rd8 30.Kf2 Kf7 31.Ke3 g6 32.Rf1 h5 33.Kd3 Rc8 34.b3 b5 35.Ra1 Rb8
36.a4 bxa4 37.b4 Rb7 38.Rxa4 h4 39.Ra6 Ke7 40.g3 hxg3 41.hxg3 Rc7 42.g4 g5
43.Ra5 Kd6 44.Ra1 Ke6 45.Ra6+ Ke7 46.b5 Rb7 47.c4 dxc4+ 48.Kxc4 Kf7 49.Kc5 Ke7
50.d5 Rc7+ 51.Rc6 Rb7 52.Re6+ Kf7 53.Ra6 Ke7 54.Kc6 Rd7 55.Ra1 Rd6+ 56.Kc5 Rd7
57.d6+ Ke6 58.Re1+ Kf7 59.Kc6 Rd8 60.Kc7  1-0

[Event "86th ch-ARG 2012"]
[Site "La Plata ARG"]
[Date "2012.07.09"]
[Round "8.13"]
[White "Barrionuevo,P"]
[Black "Martinez de Negri,G"]
[Result "0-1"]
[WhiteElo "2318"]
[BlackElo "2093"]

1.e4 c5 2.c3 Nf6 3.e5 Nd5 4.d4 cxd4 5.Nf3 Nc6 6.cxd4 d6 7.Bc4 Nb6 8.Bb3 g6
9.Qe2 Bg7 10.O-O d5 11.h3 O-O 12.Nc3 a6 13.Bf4 Bf5 14.g4 Be6 15.Rad1 h6 16.Bc2 Qd7
17.Bg3 h5 18.Nh2 hxg4 19.hxg4 f5 20.f4 Rae8 21.Nf3 Nd8 22.Nh4 Kf7 23.Qd3 Nc4
24.Rb1 b5 25.Rf2 Nc6 26.a3 Rg8 27.Kg2 Bh6 28.Nd1 Rh8 29.Ra1 b4 30.a4 a5 31.b3 Na3
32.Bb1 Nd8 33.Rxa3 bxa3 34.Ne3 Nc6 35.gxf5 gxf5 36.Nexf5 Bxf5 37.Nxf5 Nb4
38.Qf3 Bf8 39.Qg4 Qe6 40.Nd6+ exd6 41.Bf5 Qh6 42.Rf1 Be7  0-1

[Event "2nd Polugaevsky Mem"]
[Site "Samara RUS"]
[Date "2012.07.09"]
[Round "5.49"]
[White "Rumyantsev,N"]
[Black "Bogolepov,Grigory"]
[Result "1/2-1/2"]
[WhiteElo "1742"]
[BlackElo "1614"]

1.e4 c5 2.c3 Nf6 3.e5 Nd5 4.Bc4 Nb6 5.Bb3 Nc6 6.d4 cxd4 7.cxd4 d6 8.Qf3 e6
9.Ne2 dxe5 10.dxe5 Nxe5 11.Qg3 Nd3+ 12.Kf1 Nxc1 13.Nxc1 Be7 14.Nc3 O-O 15.Nd3 Bd6
16.Qf3 Qe7 17.Nb5 Bd7 18.Nxd6 Qxd6 19.Rd1 Qc6 20.Qh5 Rac8 21.f3 Qb5 22.Qh4 Nc4
23.Kf2 Qb6+ 24.Kg3 Ne3 25.Kh3 Nxd1 26.Rxd1 e5+ 27.Kg3 Qd6 28.Kf2 Qd4+ 29.Qxd4 exd4
30.Nf4 Bf5 31.Rxd4 Bc2 32.Bd5 b6 33.b3 Bf5 34.g4 Rc2+ 35.Kg3 Bg6 36.h4 Rxa2
37.Nxg6 hxg6 38.b4 Rb2 39.Bc6 a5 40.bxa5 bxa5 41.g5 Rc8 42.Be4 Rb4 43.Rd5 a4
44.Ra5 Kf8 45.Ra7 Rcc4 46.Kf4 f5 47.gxf6 gxf6 48.Kg3 Rxe4 49.fxe4 Rxe4 50.Kh3 f5
51.Kg3 Rg4+ 52.Kh3 Rb4 53.Kg3 Rb3+ 54.Kf4 Ra3 55.Kg5 Ra1 56.Kxg6 a3 57.Kf6  1/2-1/2

[Event "16th Godesburg Open"]
[Site "Bad Godesberg GER"]
[Date "2012.07.10"]
[Round "4.1"]
[White "Wacker,P"]
[Black "Rotstein,A"]
[Result "0-1"]
[WhiteElo "2300"]
[BlackElo "2510"]

1.e4 c5 2.c3 Nf6 3.e5 Nd5 4.d4 cxd4 5.Nf3 e6 6.cxd4 d6 7.Nc3 Nxc3 8.bxc3 Qc7
9.Bd2 Nd7 10.exd6 Bxd6 11.Bd3 b6 12.O-O Bb7 13.Qe2 O-O 14.h3 Bf4 15.Bxf4 Qxf4
16.Qe3 Qxe3 17.fxe3 Rac8 18.Rfc1 Rfd8 19.Kf2 Nc5 20.Bc2 Ne4+ 21.Bxe4 Bxe4
22.c4 Rc7 23.Nd2 Bg6 24.a4 a5 25.Ra2 f6 26.Rb2 Rd6 27.c5 bxc5 28.Rb5 Rd5
29.Rxa5 Be8 30.Nb3 Rb7 31.e4 Rg5 32.Nxc5 Rb2+ 33.Ke3 Rg3+ 34.Kf4 Rbxg2 35.Nxe6 g5+
36.Nxg5 fxg5+ 37.Ke5 Bf7 38.d5 Rxh3 39.d6 Rd2 40.Ra7 g4 41.d7 Kg7 42.Rc2 Rhd3
43.Rcc7 Rf2 44.Rc5 g3 45.Rc3 Rxc3  0-1

[Event "Werner-Ott-Open 2012"]
[Site "Berlin GER"]
[Date "2012.07.10"]
[Round "4.3"]
[White "Rabiega,R"]
[Black "Johansson,G1"]
[Result "1-0"]
[WhiteElo "2500"]
[BlackElo "2225"]

1.e4 c5 2.c3 Nf6 3.e5 Nd5 4.Nf3 e6 5.Bc4 d6 6.d4 cxd4 7.cxd4 Nb6 8.Bb3 dxe5
9.Nxe5 Nc6 10.Nf3 Be7 11.O-O O-O 12.Nc3 Nb4 13.Qe2 Bd7 14.Ne5 N4d5 15.Qe4 Bc6
16.Nxc6 bxc6 17.Rd1 Rc8 18.g3 Qc7 19.h4 Rfd8 20.Bc2 Nf6 21.Qf3 Nbd5 22.Na4 Nd7
23.Bd2 c5 24.Rac1 Qb8 25.dxc5 Nxc5 26.Nxc5 Rxc5 27.Bb3 h6 28.Rxc5 Bxc5 29.Kg2 Qb6
30.Bc1 Nf6 31.Rxd8+ Qxd8 32.Bc2 Qd5 33.Qxd5 Nxd5 34.a3 a5 35.Bd2 Bb6 36.Kf3 Kf8
37.Ke2 Ke7 38.Be1 Bd4 39.Bxa5 Bxb2 40.a4 Bd4 41.Be1 Kd6 42.Kd3 Kc5 43.Bb3 Ne7
44.h5 Nc6 45.f4 Bg1 46.g4 Nd4 47.Bd1 f5 48.Bc3 fxg4 49.Bxg4 Kd5 50.a5 Nb3
51.Bf3+ Kd6 52.Kc4 Nxa5+ 53.Bxa5 Be3 54.Bb4+ Kd7 55.f5 exf5 56.Kd5 Bg5 57.Ke5 f4
58.Kf5 Be7 59.Bxe7 Kxe7 60.Kg6 Kf8 61.Bd5 f3 62.Bxf3 Kg8 63.Bd5+ Kh8 64.Kf7 Kh7
65.Be4+ Kh8 66.Bb1  1-0

[Event "11th La Fere Open"]
[Site "La Fere FRA"]
[Date "2012.07.10"]
[Round "5.24"]
[White "Lebret,Loriane"]
[Black "Soveaux,J"]
[Result "0-1"]
[WhiteElo "1655"]
[BlackElo "1834"]

1.e4 c5 2.c3 Nf6 3.e5 Nd5 4.d4 cxd4 5.cxd4 e6 6.Nf3 d6 7.Bc4 dxe5 8.dxe5 Bb4+
9.Bd2 O-O 10.O-O Bxd2 11.Nbxd2 Nb6 12.Bb3 Nc6 13.Ne4 Qe7 14.Nd6 Rd8 15.Qe2 Nxe5
16.Nxe5 Rxd6 17.Rac1 f6 18.Nc4 Nxc4 19.Rxc4 b6 20.Rfc1 Ba6 21.Qe4 Rad8 22.R4c3 Qd7
23.f4 Bb7 24.Qe3 Qe7 25.Rc7 R8d7 26.Rxd7 Qxd7 27.f5 Bd5 28.Bxd5 exd5 29.g4 d4
30.Qb3+ Kf8 31.Rd1 Qc6 32.Kf2 Qe4 33.Qa3 Qf4+ 34.Qf3 Qxh2+ 35.Kf1 Rd8 36.Qb7 Qf4+
37.Ke1 Re8+  0-1

[Event "5th Int ch-Central Serbia 2012"]
[Site "Paracin SRB"]
[Date "2012.07.10"]
[Round "5.44"]
[White "Katic,G"]
[Black "Zarkovic,M"]
[Result "0-1"]
[WhiteElo "1989"]
[BlackElo "1996"]

1.e4 c5 2.c3 Nf6 3.e5 Nd5 4.d4 cxd4 5.Nf3 e6 6.cxd4 d6 7.Bc4 Be7 8.O-O Nc6
9.Qe2 O-O 10.Rd1 Na5 11.Bd3 Nb4 12.Nc3 Nxd3 13.Rxd3 b6 14.b4 Nc6 15.a3 d5
16.h4 h6 17.h5 Bd7 18.Be3 Rc8 19.Qd2 Kh7 20.Nh2 f5 21.exf6 Rxf6 22.Ng4 Rf5
23.Bxh6 Rxh5 24.Rh3 Rxh3 25.gxh3 Qf8 26.Be3 Qf3 27.Nh2 Qxh3 28.Ne2 Rf8 29.Nf4 Qf5
30.Qd3 Bd6 31.Qxf5+ Rxf5 32.Nd3 e5 33.dxe5 Nxe5 34.Nxe5 Bxe5 35.Rd1 d4 36.Bxd4  0-1

[Event "35th Barbera Open A"]
[Site "Barbera del Valles ESP"]
[Date "2012.07.11"]
[Round "8.30"]
[White "Mamedjarova,T"]
[Black "Miller,Jake S"]
[Result "1/2-1/2"]
[WhiteElo "2259"]
[BlackElo "2060"]

1.e4 c5 2.c3 Nf6 3.e5 Nd5 4.d4 cxd4 5.Qxd4 e6 6.Nf3 Nc6 7.Qe4 f5 8.exf6 Nxf6
9.Qh4 e5 10.Bg5 d5 11.Bb5 Bd6 12.O-O O-O 13.c4 e4 14.cxd5 exf3 15.dxc6 fxg2
16.Re1 bxc6 17.Bxc6 Rb8 18.Bxf6 gxf6 19.Bd5+ Kh8 20.Bb3 Rb4 21.Qh6 Bf4 22.Qh5 Bg4
23.Qh4 Bf3 24.Nc3 Bd6 25.Qh6 f5 26.Rad1 Bxd1 27.Rxd1 Bf4 28.Qh3 Qg5 29.Nd5 Re4
30.Nxf4 Qxf4 31.Qc3+ Qe5 32.Qxe5+ Rxe5 33.Kxg2 Re2 34.Rd7 Rxb2 35.Rxa7 f4  1/2-1/2